Top Baby Girl Names with Double Letters - 2020 USA - Statistics

General Stats
  • This quiz has been taken 1,493 times
  • The average score is 43 of 105
Answer Stats
Rank Hint Answer % Correct
2 E Emma
96%
15 E Ella
90%
7 I Isabella
89%
341 I Izabella
89%
68 A Anna
86%
39 H Hannah
85%
4 C Charlotte
83%
64 B Bella
80%
48 W Willow
78%
29 E Ellie
75%
399 J Jessica
74%
434 J Jennifer
72%
371 E Elle
70%
121 I Isabelle
70%
288 A Annie
69%
231 L Lilly
67%
174 M Molly
67%
85 Q Quinn
66%
77 G Gabriella
63%
12 G Gianna
63%
250 R Rebecca
61%
80 A Allison
60%
146 B Brianna
59%
359 G Gabrielle
59%
46 L Lillian
59%
47 A Addison
58%
42 S Stella
57%
222 A Annabelle
56%
481 H Holly
54%
21 S Scarlett
53%
208 V Vanessa
53%
348 M Melissa
52%
448 D Danielle
51%
190 M Millie
51%
67 S Savannah
50%
166 S Sienna
49%
199 A Alyssa
48%
123 A Arianna
48%
54 B Brooklyn
47%
262 B Brooklynn
47%
349 W Willa
47%
237 B Brooke
46%
165 C Callie
45%
413 D Daniella
45%
207 G Gemma
43%
257 C Camilla
42%
65 A Aaliyah
40%
99 B Brielle
40%
336 M Michelle
40%
429 A Allie
39%
117 K Kaylee
39%
475 M Maddison
39%
258 J Joanna
37%
462 P Poppy
37%
72 K Kennedy
36%
264 C Camille
35%
269 J Julianna
35%
345 L Lilliana
35%
180 J Juliette
34%
202 A Arabella
33%
293 M Maggie
33%
374 H Hallie
32%
297 B Briella
31%
406 C Cassidy
30%
392 E Elianna
30%
133 E Elliana
30%
149 S Summer
30%
102 R Rylee
29%
260 V Vivienne
29%
346 A Arielle
28%
152 A Ariella
27%
314 K Kendall
26%
271 L Lucille
26%
279 T Tessa
26%
210 N Noelle
25%
327 E Evelynn
24%
332 B Brynn
23%
144 R Reese
22%
313 G Gracelynn
21%
425 H Hattie
21%
116 A Adalynn
20%
469 A Addilyn
20%
358 A Adelynn
20%
331 G Giselle
20%
104 R Raelynn
19%
402 M Makenna
18%
272 M Mckenna
18%
275 C Charlee
17%
441 A Annalise
16%
156 A Aubree
16%
368 A Alessandra
15%
191 B Brynlee
15%
378 P Paislee
15%
480 M Madelynn
14%
430 M Marlee
13%
307 O Oaklynn
13%
385 A Avianna
12%
443 B Braelynn
12%
372 E Everlee
12%
488 D Danna
9%
203 J Journee
9%
479 E Elliott
8%
323 S Sutton
7%
365 C Collins
6%
299 L Lennon
6%
No matching quizzes found
Score Distribution
Percent of People with Each Score
Percentile by Number Answered
Your Score History
You have not taken this quiz